000 00446nam a22001577a 4500
008 210802b |||||||| |||| 00| 0 eng d
020 _a9789937295789
082 _aN495.513.M541m
100 _aMajhi, Dhan
245 _aMajhi- Nepali shabdakosha
250 _a2nd
260 _aLalitpur:
_bNepal Sarakar Aadibasi Janajati Utthan Rashtriya Pratishthan,
_c2072BS
300 _a464
650 _aNepali language-Dictionary
942 _2ddc
_cREF
999 _c100360
_d100349